A Ana perdeu-se (Registo nº 4546)

Detalhes MARC
000 -Etiqueta do registo
Cabeçalho 00856nam0a2200277 4500
005 - Identificador da versão
Campo de controlo 20240813122105.0
010 ## - Número internacional normalizado dos livros (ISBN)
Número (ISBN) 972611022X
021 ## - Número do Depósito Legal
Código do país PT
Número 105350/96
100 ## - Dados gerais de processamento
Dados gerais de processamento 20161215d1997 c y0pory5003 ba
102 ## - Pais de publicação ou produção
País de publicação Portugal
101 1# - Língua de publicação
Língua do texto, banda sonora, etc. Português
Língua do documento no original Inglês
215 ## - Descrição física 
Indicação específica da natureza do documento e extensão da espécie [10] p. cartonadas
Outras indicações físicas il. color
200 1# - Titulo e menção de responsabilidade
Título próprio A Ana perdeu-se
Primeira menção de responsabilidade Janine Amos
Outras menções de responsabilidade il. Gerry Hawksley e Jacqueline East
225 1# - Colecção 
Título próprio da colecção Pequenos companheiros
210 ## - Publicação, Distribuição, etc. 
Lugar da edição, distribuição, etc. Linda-a-Velha
Nome do editor, distribuidor, etc. Abril/Controljornal
Lugar da edição, distribuição, etc. [S. l.]
Nome do editor, distribuidor, etc. Ediciones Beascoa
Data da publicação, distribuição, etc. D. L. 1996
300 ## - Notas gerais 
Texto da nota Livro recortado
606 ## - Nome comum usado como assunto
Número de registo de entrada de autoridade 0001374
Palavra de ordem Literatura inglesa
Subdivisão de assunto Conto
Código do sistema CA
675 ## - Classificação Decimal Universal (CDU)
Notação 821.111-34
Edição 3ª ed.
Língua da edição por
702 #1 - Nome de autor-pessoa física (responsabilidade secundária)
Número de registo de entrada de autoridade 0001578
Palavra de ordem East
Outra parte do nome não tomada para palavra de ordem Jacqueline
Código de função Ilustrador / Técnico de desenho computorizado
Número de registo de entrada de autoridade 0001579
Palavra de ordem Hawksley
Outra parte do nome não tomada para palavra de ordem Gerry
Código de função Ilustrador / Técnico de desenho computorizado
700 #1 - Nome de autor-pessoa física (responsabilidade principal)
Número de registo de entrada de autoridade 0001577
Palavra de ordem Amos
Outra parte do nome não tomada para palavra de ordem Janine
966 ## - Identificação da Biblioteca
Sigla EBVEN
942 ## - Elementos de entrada adicionados (Koha)
Tipo de item no Koha Livro
Exemplares
Situação do levantamento Origin of item (home branch) (coded) Biblioteca de empréstimo Código de barras Cota Circulation type (not for loan) Tipo de documento Nota do exemplar Damaged status
  Biblioteca Escolar das Vendas Biblioteca Escolar das Vendas BEV1788 8EST AMO   Livro Sem mensagem